Social structure and law : (Record no. 1854)

000 -LEADER
fixed length control field nam a22 a 4500
005 - DATE AND TIME OF LATEST TRANSACTION
control field 20170512103723.0
008 - FIXED-LENGTH DATA ELEMENTS--GENERAL INFORMATION
fixed length control field 170512b1990 enk||||| |||| 00| 0 eng d
020 ## - INTERNATIONAL STANDARD BOOK NUMBER
International Standard Book Number 0803928815
020 ## - INTERNATIONAL STANDARD BOOK NUMBER
International Standard Book Number 0803928823 (pbk)
Terms of availability £14.95
040 ## - CATALOGING SOURCE
Original cataloging agency AKMAL
082 ## - DEWEY DECIMAL CLASSIFICATION NUMBER
Classification number 340.115 EVA
090 ## - LOCALLY ASSIGNED LC-TYPE CALL NUMBER (OCLC); LOCAL CALL NUMBER (RLIN)
Classification number (OCLC) (R) ; Classification number, CALL (RLIN) (NR) 340.115
Local cutter number (OCLC) ; Book number/undivided call number, CALL (RLIN) EVA
100 1# - MAIN ENTRY--PERSONAL NAME
Personal name Evan, William M.
9 (RLIN) 3844
245 10 - TITLE STATEMENT
Title Social structure and law :
Remainder of title theoretical and empirical perspectives
Statement of responsibility, etc. William M. Evan.
260 ## - PUBLICATION, DISTRIBUTION, ETC.
Place of publication, distribution, etc. Newburry Park, Calif. ;
260 ## - PUBLICATION, DISTRIBUTION, ETC.
Place of publication, distribution, etc. London :
Name of publisher, distributor, etc. Sage Publications
Date of publication, distribution, etc. 1990
300 ## - PHYSICAL DESCRIPTION
Extent 269p. ;
Dimensions 22cm
490 1# - SERIES STATEMENT
Series statement Sage library of social research ;
Volume/sequential designation v. 180
500 ## - GENERAL NOTE
General note Bibliography: p240-258. _ Includes index.
650 #0 - SUBJECT ADDED ENTRY--TOPICAL TERM
Topical term or geographic name entry element Sociological jurisprudence.
9 (RLIN) 2783
830 #0 - SERIES ADDED ENTRY--UNIFORM TITLE
Uniform title Sage library of social research ;
9 (RLIN) 3845
852 41 - LOCATION
Location British Library
Sublocation or collection HMNTS
942 ## - ADDED ENTRY ELEMENTS (KOHA)
Source of classification or shelving scheme
Koha item type Book
Holdings
Withdrawn status Lost status Source of classification or shelving scheme Damaged status Not for loan Collection code Home library Current library Shelving location Date acquired Inventory number Total Checkouts Full call number Barcode Date last seen Price effective from Koha item type
          NON-FICTION AKMAL Melaka AKMAL Melaka PINJAMAN 12.05.2017 302180   340.115 EVA 201705764 12.05.2017 12.05.2017 Book
Pusat Sumber Maklumat Dato' Haji Sarmin Md Hussin, Akademi Kastam Diraja Malaysia, Melaka
Tel: 06-2331106 | Faks: 06-2313787